000 00829nam a2200253Ia 4500
003 GCL
008 140319s9999 xx 000 0 ara d
040 _aGCL /
_cGCL
082 0 4 _a071.962
_bع ك
100 1 _aعبدالعظيم رمضان
245 1 0 _aكان ويكون /
_cعبدالعظيم رمضان
700 1 _aعبدالله النديم
700 1 _aعبدالمنعم ابراهيم الجميعى
260 _a[S.N] :
_bالهيئة المصرية العامة لدار الكتب والوثائق القومية ،
_c1995
300 _a256 ص
490 _a
650 0 4 _aالعصر الحديث
650 0 4 _aمصر
650 0 4 _aالصحافة المصرية
650 0 4 _aالصحافة العربية
650 0 4 _aالتنوير
650 0 4 _aعبدالله النديم
942 _2ddc
_cBK
999 _c36605
_d36605